| 000 | 00911nam a2200301 a 4500 | ||
|---|---|---|---|
| 001 | BRL_1025 | ||
| 005 | 20190320211012.0 | ||
| 008 | 011113s1980----mx-#######---#000-0#spa-# | ||
| 020 | _a9682700442 | ||
| 041 | _aspa | ||
| 044 | _amx | ||
| 050 | 4 |
_aF1219 _b.L46 1980 |
|
| 100 | 1 |
_aLeón-Portilla, Miguel _9504 |
|
| 245 | 1 | 0 |
_aEl reverso de la conquista _bRelaciones aztecas, mayas e incas _cpor Miguel León-Portilla. |
| 250 | _a7a ed. | ||
| 260 |
_aMéxico _bJoaquín Mortiz _c1980 |
||
| 300 |
_a190 p. _c18 cm. |
||
| 440 | 0 |
_aEl Legado de la América Indigena _925616 |
|
| 500 | _aAu1142 | ||
| 504 | _aBibliografía: p. 185-190 | ||
| 650 | 1 | 4 |
_aAztecas _xHistoria _92486 |
| 650 | 1 | 4 |
_aMayas _xHistoria _923497 |
| 650 | 1 | 4 |
_aIncas _xHistoria _925617 |
| 651 | 4 |
_aMéxico _xHistoria _yConquista, 1519-1540 _9442 |
|
| 651 | 4 |
_aPerú _xHistoria _yConquista, 1522-1548 _915793 |
|
| 902 | _aGRL | ||
| 942 |
_2lcc _cB |
||
| 999 |
_c9837 _d9837 |
||